| 000 | 00852nam a2200241 i 4500 | ||
|---|---|---|---|
| 001 | 13039 | ||
| 003 | KOSZ 005 | ||
| 005 | 20200724080823.0 | ||
| 008 | 070709s1970 pl a f 000 0 pol | ||
| 015 | _aPB 1970/3354 | ||
| 040 |
_aWA N _cWA N _dKOSZ 005/ID |
||
| 080 | _a637.1 | ||
| 100 | 1 |
_aBartosik, Aleksander. _eAutor. |
|
| 245 | 1 | 0 |
_aMechanizacja dojenia / _cAleksander Bartosik, Mieczysław Starosta. |
| 260 |
_aWarszawa : _bPaństwowe Wydawnictwo Rolnicze i Leśne, _c1970. |
||
| 300 |
_a209, [3] s. : _bil. ; _c23 cm. |
||
| 380 | _aKsiążki. | ||
| 650 | 4 | _aDojarka mechaniczna | |
| 700 | 1 | _aStarosta, Mieczysław. | |
| 710 | 2 |
_aPaństwowe Wydawnictwo Rolnicze i Leśne _4pbl. |
|
| 856 |
_uhttp://koha.tu.koszalin.pl/cgi-bin/koha/opac-detail.pl?biblionumber=13039 _yKatalog online BPK |
||
| 942 |
_2UKD _cKS |
||
| 999 |
_c13039 _d13039 |
||